Normal view
MARC view
Entry Nombre personal
001 - NÚMERO DE CONTROL
- campo de control: 1116
003 - IDENTIFICADOR DE NÚMERO DE CONTROL
- campo de control: DLC
005 - FECHA Y HORA DE LA ÚLTIMA TRANSACCIÓN
- campo de control: 20260424103300.0
008 - ELEMENTOS DE DATO DE LONGITUD-FIJA
- campo de control de longitud fija: 820219n| azannaabn |n aaa
010 ## - NÚMERO DE CONTROL DE LA BIBLIOTECA DEL CONGRESO
- Número de control de LC: n 82004237
035 ## - NÚMERO DE CONTROL DEL SISTEMA
- Número de control de sistema: (OCoLC)oca00701566
040 ## - FUENTE DE CATALOGACIÓN
- Centro catalogador/agencia de origen: DLC
- Lengua de catalogación: eng
- Normas de descripción: rda
- Centro/agencia transcriptor: DLC
- Centro/agencia modificador: DLC
- Centro/agencia modificador: OCoLC
- Centro/agencia modificador: DLC
100 1# - ENCABEZAMIENTO-NOMBRE DE PERSONA
- Nombre de persona: Robinson, Francis
670 ## - FUENTE DE DATOS ENCONTRADOS
- Cita de la fuente: Author's Separatism among Indian Muslims, 1974 i.e. 1975.
670 ## - FUENTE DE DATOS ENCONTRADOS
- Cita de la fuente: The Cambridge illustrated history of the Islamic world, 1996:
- Información encontrada: CIP t.p. (Francis Robinson) CIP datasheet (b. Nov. 23, 1944)
670 ## - FUENTE DE DATOS ENCONTRADOS
- Cita de la fuente: Information from 678 converted Dec. 19, 2014
- Información encontrada: (lecturer in history, Royal Holloway College, Univ. of London)